Autómatas programables

محفوظ في:
التفاصيل البيبلوغرافية
المؤلفون الرئيسيون: Balcells, Josep (مؤلف), Romeral, José Luis (مؤلف)
التنسيق: كتاب
اللغة:الإسبانية
منشور في: Ciudad de México Alfaomega 1998
سلاسل:Mundo Electrónico
الموضوعات:
الوسوم: إضافة وسم
لا توجد وسوم, كن أول من يضع وسما على هذه التسجيلة!

MARC

LEADER 00000nam a2200000 a 4500
001 UCO8732
003 CL-VaPUC
008 001221e19980000MX |||||||||||||||||spa|d
082 0 4 |a 629.892  |b BAL  |2 21 
100 0 |a Balcells, Josep  |e author  |9 453576 
700 0 |a Romeral, José Luis  |e author  |9 453577 
245 1 0 |a Autómatas programables 
300 |a 439 p 
942 |c BK 
945 |d 20001221 00:00:00  |a cmena 
260 |a Ciudad de México  |b Alfaomega  |c 1998 
650 0 |a Robots  |9 263117 
650 0 |a Control automático  |9 259890 
650 7 |a GRAFCET  |2 CL-VaPUC  |9 453578 
650 7 |a DISEÑO LOGICO DE ROBOTS  |2 CL-VaPUC  |9 453579 
650 0 |a Programación de computadores   |9 259531 
583 |a last modification  |c 20001221 00:00:00  |k Rodrigo Vera 
490 0 |a Mundo Electrónico 
999 |c 293201  |d 293199 
952 |0 0  |1 0  |4 0  |6 629_892000000000000_BAL_1998  |7 0  |8 A  |9 344541  |a BIBING  |b BIBING  |d 2019-11-20  |i 3677869  |o 629.892 BAL 1998  |p 3677869  |r 2025-01-20  |w 2019-11-20  |y BK  |k EIE 
952 |0 0  |1 0  |2 ddc  |4 0  |6 629_892000000000000_BAL_1998  |7 0  |8 A  |9 344543  |a BIBMEC  |b BIBMEC  |d 2019-11-20  |i 3712486  |o 629.892 BAL 1998  |p 3712486  |r 2024-01-19  |w 2019-11-20  |y BK_P  |k MEC